000 00658nam a2200229Ia 4500
003 OSt
005 20221006141643.0
006 a|||||r|||| 00| 0
007 ta
008 221006b |||||||| |||| 00| 0 eng d
024 _a3,713
037 _bGift, Gift
_cTextual
040 _aEASL
_cEASL
_beng
041 _2eng
_aeng
082 _aO41,3xN5, 111M1
100 _aXINWU Liu etc.
_9645978
245 0 _aPrize-winning stories from China 1978-1979
260 _aBeijing
_bForeign Languages Press
_c1981
300 _a535p.
_ccm.
942 _hO41,3xN5, 111M1
_cTEXL
_2CC
999 _c1071799
_d1071799